Guía de Antropología física Paracas / (Record no. 7838)

000 -CABECERA
fixed length control field 00714nam a22001937a 4500
003 - IDENTIFICADOR DEL NÚMERO DE CONTROL
control field AR-CdUCM
008 - DATOS DE LONGITUD FIJA--INFORMACIÓN GENERAL
fixed length control field 190321b ||||| |||| 00| 0 spa d
040 ## - FUENTE DE LA CATALOGACIÓN
Agencia/entidad que catalogó originalmente la obra MUNICIPALIDAD PROVINCIAL DEL CUSCO
Entidad que transcribió la catalogación BIBLIOTECA MUNICIPAL DEL CUSCO
082 ## - NÚMERO DE LA CLASIFICACIÓN DECIMAL DEWEY
No. de Clasificación 573.709 /
Notacion interna P83
100 ## - ENTRADA PRINCIPAL--NOMBRE DE PERSONA
Nombre Personal Pozo Flórez, C. Arturo del
245 ## - MENCIÓN DE TÍTULO
Título Guía de Antropología física Paracas /
260 ## - PUBLICACIÓN, DISTRIBUCIÓN, ETC.
Lugar de publicación, distribución, etc. Lima :
Nombre de la editorial, distribuidor, etc. Grambs,
Fecha de publicación, distribución, etc. 1988.
300 ## - DESCRIPCIÓN FÍSICA
Nº de Páginas Extensión 327 páginas ;
Otros detalles físicos Ilustraciones,
Dimensiones 21 cm.
505 ## - NOTA DE CONTENIDO CON FORMATO
Nota de contenido formateada Cavernas: Estudio de los cráneos con deformaciones artificiales y trepanaciones o patologías diversas -- Técnicas utilizadas.
650 ## - PUNTO DE ACCESO ADICIONAL DE MATERIA--TÉRMINO DE MATERIA
Descriptor Craneología
9 (RLIN) 7208
650 ## - PUNTO DE ACCESO ADICIONAL DE MATERIA--TÉRMINO DE MATERIA
Descriptor Época Prehispánica
9 (RLIN) 2714
942 ## - ELEMENTOS DE PUNTO DE ACCESO ADICIONAL (KOHA)
Fuente de clasificación
Tipo de item Libros-BMC
945 ## - PROCESAMIENTO DE INFORMACIÓN LOCAL (OCLC)
Catalogador acv
Holdings
Estado de retiro (separado) Fuente de clasificación o esquema de estanterías Estado dañado Ubicación Sala donde se ubica Nombre de la colección Fecha de adquisición o compra Costo, precio normal en soles Signatura topográfica Código de Barras Última vez visto (Koha) Tipo de ítem (Koha)
No     Sala Ciencias Sala Ciencias Book Cart 2019-03-21 30.00 573.709 / P83 SC0000000711 2019-03-21 Libros-BMC
No     Sala Ciencias Sala Ciencias Book Cart 2019-03-21 30.00 573.709 / P83 / e.2 SC0000000712 2019-03-21 Libros-BMC
No     Sala Ciencias Sala Ciencias Book Cart 2019-04-30 30.00 573.709 / P83 /e.3 SC0000001875 2019-04-30 Libros-BMC

Powered by Koha